Histoire de la philosophie / (Record no. 110554)

MARC details
000 -LEADER
campo de control de longitud fija 01401nam a2200325 i 4500
001 - NÚMERO DE CONTROL
campo de control 110554
003 - IDENTIFICADOR DE NÚMERO DE CONTROL
campo de control ES-MaACL
005 - FECHA Y HORA DE LA ÚLTIMA TRANSACCIÓN
campo de control 20250709071003.0
007 - CAMPO FIJO DE DESCRIPCIÓN FÍSICA--INFORMACIÓN GENERAL
campo de control de longitud fija t|
008 - DATOS DE LONGITUD FIJA--INFORMACIÓN GENERAL
campo de control de longitud fija 070131s1981 fr |||| | fre d
020 ## - NÚMERO INTERNACIONAL ESTÁNDAR DEL LIBRO
Número Internacional Estándar del Libro 2-13-037197-3
080 ## - NÚMERO DE LA CLASIFICACIÓN DECIMAL UNIVERSAL
Número de la Clasificación Decimal Universal 1(091)
100 1# - ENTRADA PRINCIPAL--NOMBRE DE PERSONA
Nombre de persona Bréhier, Émile.
9 (RLIN) 148586
245 10 - MENCIÓN DEL TÍTULO
Título Histoire de la philosophie /
Mención de responsabilidad, etc. Emile Bréhier.
250 ## - MENCION DE EDICION
Mención de edición Nouvelle éd.
260 ## - PUBLICACIÓN, DISTRIBUCIÓN, ETC.
Lugar de publicación, distribución, etc. Paris :
Nombre del editor, distribuidor, etc. Presses Universitaires de France,
Fecha de publicación, distribución, etc. 1981.
300 ## - DESCRIPCIÓN FÍSICA
Extensión 3 v. ;
Dimensiones 19 cm.
490 1# - MENCIÓN DE SERIE
Mención de serie Quadrige ;
Designación de volumen o secuencia 21-23
500 ## - NOTA GENERAL
Nota general Índice onomástico general; v. 3.
504 ## - NOTA DE BIBLIOGRAFÍA, ETC.
Nota de bibliografía, etc. Referencias bibliográficas.
505 8# - NOTA DE CONTENIDO CON FORMATO
Nota de contenido con formato Contiene: I ;
Título Antiquité et Moyen Age /
Mención de responsabilidad éd. rev. et mise a jour par Pierre-Maxime Schuhl et Maurice de Gandillac (702, VI p.) - II. --
Título XVIIe-XVIII siècles /
Mención de responsabilidad éd. rev. et mise a jour par Pierre-Maxime Schuhl et André-Louis Leroy (506, VI p.) - III. --
Título XIXe-XXe siècles /
Mención de responsabilidad éd. rev. et mise a jour par Lucien Jerphagnon et Pierre-Maxime Schuhl (p. [507]-1059, VI p.)
650 #4 - PUNTO DE ACCESO ADICIONAL DE MATERIA--TÉRMINO DE MATERIA
Término de materia o nombre geográfico como elemento de entrada Filosofía-
Subdivisión de forma Historia.
9 (RLIN) 158248
700 1# - ENTRADA AGREGADA--NOMBRE PERSONAL
Nombre de persona Schuhl, Pierre-Maxime.
9 (RLIN) 104751
700 0# - ENTRADA AGREGADA--NOMBRE PERSONAL
Nombre de persona Gandillac, Maurice de,
Fechas asociadas al nombre 1906-2006
9 (RLIN) 53842
700 1# - ENTRADA AGREGADA--NOMBRE PERSONAL
Nombre de persona Leroy, André-Louis
9 (RLIN) 161431
700 1# - ENTRADA AGREGADA--NOMBRE PERSONAL
Nombre de persona Jerphagnon, Lucien.
9 (RLIN) 66345
830 0# - PUNTO DE ACCESO ADICIONAL DE SERIE-TÍTULO UNIFORME
Título uniforme Quadrige ;
Designación de volumen o secuencia 21-23
9 (RLIN) 180826
852 ## - LOCALIZACIÓN
Ubicación ES-MaACL
Número de control de estantería L-30938-40
Nota libre . - Biblioteca Jacinto Martínez Lacalle
Holdings
Estatus retirado Estado de pérdida Estado de daño No para préstamo Biblioteca de origen Biblioteca actual Ubicación en estantería Fecha de adquisición Fuente de adquisición Total de préstamos Signatura topográfica completa Código de barras Visto por última vez Precio de reemplazo Tipo de ítem Koha
        Biblioteca del Ateneo de Madrid Biblioteca del Ateneo de Madrid Depósito 2 17/01/2008     L-30938-40 1115348 23/02/2023 23/02/2023 Libro impreso